[Event "Riga RTU rapid op"]
[Site "Riga"]
[Date "2019.07.04"]
[Round "4"]
[White "Vedrickas, Tautvydas"]
[Black "Feldmanis, Arturs"]
[Result "1-0"]
[WhiteElo "2231"]
[BlackElo "1946"]
[PlyCount "93"]
[EventDate "2019.07.04"]
[EventType "swiss (rapid)"]
[EventRounds "9"]
[EventCountry "LAT"]
[SourceTitle "EXT 2020"]
[Source "ChessBase"]
[SourceDate "2019.10.17"]
[SourceVersion "1"]
[SourceVersionDate "2019.10.17"]
[SourceQuality "1"]

1. d4 c5 2. d5 d6 3. c4 b5 4. a4 b4 5. e4 g6 6. f4 Bg7 7. Nf3 Bg4 8. Be2 Bxf3 9. Bxf3 Bd4 10. Qe2 Nd7 11. Nd2 a5 12. Nb3 Bg7 13. 0-0 Qc7 14. e5 0-0-0 15. e6 fxe6 16. dxe6 Nb8 17. Qe4 Qa7 18. Nxa5 d5 19. cxd5 Qxa5 20. d6 Bd4+ 21. Kh1 Qb6 22. a5 Qa6 23. d7+ Kc7 24. Qe1 Nf6 25. f5 Nfxd7 26. Bf4+ Ne5 27. Bxe5+ Bxe5 28. Qxe5+ Qd6 29. Qe4 Qc6 30. Qe3 Qb5 31. Qe5+ Kc8 32. Rfc1 Na6 33. Be2 Qc6 34. Bxa6+ Qxa6 35. Qxc5+ Kb8 36. Qxb4+ Ka8 37. Qe4+ Qb7 38. Rc6 Rd6 39. Rac1 Rhd8 40. Rxd6 Qxe4 41. Rxd8+ Kb7 42. Rd7+ Ka6 43. Rxe7 Qf4 44. Rec7 Qxf5 45. R7c6+ Ka7 46. e7 Qf7 47. Rc8 1-0

[Event "LAT-ch"]
[Site "Riga"]
[Date "2017.05.06"]
[Round "9"]
[White "Smilga, Kristaps"]
[Black "Feldmanis, Arturs"]
[Result "0-1"]
[WhiteElo "2131"]
[BlackElo "1752"]
[PlyCount "48"]
[EventDate "2017.04.30"]
[EventType "swiss"]
[EventRounds "9"]
[EventCountry "LAT"]
[SourceTitle "CBM 178 Extra"]
[Source "ChessBase"]
[SourceDate "2017.06.22"]
[SourceVersion "1"]
[SourceVersionDate "2017.06.22"]
[SourceQuality "1"]

1. e4 c5 2. Nf3 d6 3. d4 cxd4 4. Nxd4 Nf6 5. Nc3 e5 6. Bb5+ Nbd7 7. Nf5 a6 8. Bxd7+ Qxd7 9. 0-0 d5 10. Bg5 Nxe4 11. Nxe4 dxe4 12. Ng3 Qxd1 13. Raxd1 f6 14. Be3 f5 15. Bb6 Be6 16. f3 Rc8 17. fxe4 f4 18. Nf5 Rc6 19. Ba5 g6 20. Nh4 Be7 21. Nf3 Rxc2 22. Bc3 Bc5+ 23. Kh1 Bxa2 24. Nxe5 Be7 0-1

[Event "LAT-ch"]
[Site "Riga"]
[Date "2017.05.01"]
[Round "3"]
[White "Feldmanis, Arturs"]
[Black "Jankovskis, Guntis"]
[Result "0-1"]
[WhiteElo "1752"]
[BlackElo "2266"]
[PlyCount "40"]
[EventDate "2017.04.30"]
[EventType "swiss"]
[EventRounds "9"]
[EventCountry "LAT"]
[SourceTitle "CBM 178 Extra"]
[Source "ChessBase"]
[SourceDate "2017.06.22"]
[SourceVersion "1"]
[SourceVersionDate "2017.06.22"]
[SourceQuality "1"]

1. d4 Nf6 2. c4 g6 3. Nc3 Bg7 4. e4 d6 5. f4 0-0 6. Nf3 c5 7. d5 e6 8. Be2 exd5 9. cxd5 Re8 10. e5 dxe5 11. fxe5 Ng4 12. e6 fxe6 13. d6 Nc6 14. Nb5 Qb6 15. d7 Bxd7 16. Qxd7 c4 17. Rf1 Qxb5 18. Nd2 Nge5 19. Qd6 Rad8 20. Qa3 Nd3+ 0-1